00717nam a22001937a 450000500170000001000160001702000260003303500140005903700090007308200110008210000290009324500900012226000400021227000600025230000200031294200220033299900190035495201500037320250625141712.0 aENG -145570 c895.00a9789380964423 aEN-129102 bDBAD a25021 aSiddharth Shankar982343 aMahatama Gautama Buddha:cSiddharth ShankarbA Great Philosopher and Social Reformer/ aNew DelhibNilgiri Praksahan c2020 a4760-61, 23 Ansari Road, Dariya GanjbNew Delhie110002 a176p.c22cm(hb) 2ddccENh250mSID c211945d211945 001040708NFICaMbMd2025-06-25eDelivery of Books Act Divisiong895.00l0o250 SIDpEN-129102r2025-06-25 00:00:00t1v895.00w2025-06-25yEN